London
Tallennettuna:
| Päätekijä: | |
|---|---|
| Aineistotyyppi: | Kirja |
| Kieli: | Undetermined |
| Julkaistu: |
London
Geographia Ltd.
|
| Aiheet: | |
| Tagit: |
Lisää tagi
Ei tageja, Lisää ensimmäinen tagi!
|
| Thư viện lưu trữ: | Trung tâm Học liệu Trường Đại học Cần Thơ |
|---|
| LEADER | 00450nam a2200181Ia 4500 | ||
|---|---|---|---|
| 001 | CTU_111528 | ||
| 008 | 210402s9999 xx 000 0 und d | ||
| 082 | |a 914.2 | ||
| 082 | |b M875 | ||
| 100 | |a Morris, W. G. | ||
| 245 | 0 | |a London | |
| 245 | 0 | |c W. G. Morris | |
| 260 | |a London | ||
| 260 | |b Geographia Ltd. | ||
| 650 | |a London | ||
| 650 | |x Description and travel | ||
| 904 | |i M.Loan | ||
| 980 | |a Trung tâm Học liệu Trường Đại học Cần Thơ | ||